Muslim India (Record no. 2652)

MARC details
000 -LEADER
fixed length control field 00686nam a2200265 a 4500
020 ## - INTERNATIONAL STANDARD BOOK NUMBER
ISBN
082 00 - DEWEY DECIMAL CLASSIFICATION NUMBER
Classification number 324.2054082
Author Cutter NOM
100 ## - MAIN ENTRY--AUTHOR NAME
Author name Noman, Mohammad
245 ## - TITLE STATEMENT
Title Muslim India
Sub title Rise and Growth of the All India Muslim League
260 ## - PUBLICATION, DISTRIBUTION, ETC. (IMPRINT)
Place of publication Allahabad
Name of publisher Kitabistan
Year of publication 1942
300 ## - PHYSICAL DESCRIPTION
Number of Pages 433p
500 ## - GENERAL NOTE
General note includes index and biblioraphy
505 2# - FORMATTED CONTENTS NOTE
Formatted contents note Appendix
650 ## - SUBJECT ADDED ENTRY--TOPICAL TERM
Topical Term Muslim League
650 ## - SUBJECT ADDED ENTRY--TOPICAL TERM
Topical Term British-India Muslims
650 ## - SUBJECT ADDED ENTRY--TOPICAL TERM
Topical Term Muslims-India-Politics
942 ## - ADDED ENTRY ELEMENTS (KOHA)
Koha item type Books
700 1# -
-- Noman, Mohammad
Holdings
Home library Current library Date acquired Cost, normal purchase price Full call number Accession Number Koha item type
Henry Martyn Institute Library Henry Martyn Institute Library 07/30/2009 100.00 324.2054082 NOM 920 E-Books
                   Copyright © 2026 | Henry Martyn Institute | Hyderabad | TS-500052 | INDIA | Implemented by hmi.edu.in
Hit-Count:

Powered by Koha